• 首页
  • 本馆介绍
  • 公告通知
  • 最新文献
  • 馆藏检索
  • 电子资源
  • 读者导购
  • 参考咨询
  • 我的图书馆
  • 登录
  • 详细信息显示
  • 放入我的书架
  • 预约/预借图书
  • 作者相关作品
  • 分类相关作品
  • 丛书相关作品
  • 出版社相关作品

书目信息

  • 表格格式
  • 工作单格式
  • 卡片格式
题名:
音乐教育学论稿
    
 
作者: 张肖虎 著
分册:  
出版信息: 北京   人民教育出版社  1998.10
页数: 272页
开本: 21cm
丛书名:
单 册:
中图分类: G427
科图分类:
主题词: 学校教育--音乐教育--教学研究 , 音乐教育--学校教育--教学研究 , 教学研究--音乐教育--学校教育
电子资源:
ISBN: 7-107-12388-2
000 01292nam0 2200253 450
001 1562437620
005 20150129092038.65
010    @a7-107-12388-2@dCNY14.30
100    @a19990323d1998 ekmy0chiy0110 ea
101 0  @achi
102    @aCN@b110000
105    @ac z 000yy
200 1  @a音乐教育学论稿@9yin yue jiao yu xue lun gao@f张肖虎著
210    @a北京@c人民教育出版社@d1998.10
215    @a272页@c彩色肖像@d21cm
314    @a张肖虎,1931年考入清华大学土木建筑系,1936年留校任清华音乐室助教;解放后,历任北京师范大学音乐系理论作曲教研室主任,北京艺术师范学院、北京艺术学院音乐系主任,燕京大学和中央音乐学院兼课老师,中国音乐学院作曲系副主任,中央五七艺术大学音乐学院作曲教授,中国音乐学院副院长兼作曲系主任。
330    @a本书内容主要出自著者不同时期、不同场合,不同专题讲述及发表的论文、著作、讲稿及文件档案。本书是音乐教育理论文集。本书在基于一个一般音乐教育学内容的框架之上,不仅面向普通学校音乐教学,而且涉及更宽的范围,如民族音乐问题,课外、校外音乐活动,以及普通高校的音乐教育,音乐教师培养的规格和音乐教育体制等诸多方面。
606 0  @a学校教育@x音乐教育@x教学研究
606 0  @a音乐教育@x学校教育@x教学研究
606 0  @a教学研究@x音乐教育@x学校教育
690    @aG427@v5
701  0 @a张肖虎@9zhangxiao hu@4著
801  0 @aCN@bTSSF@c20150129
905    @aZUCC@dG427@eJY1
    
    音乐教育学论稿/张肖虎著.-北京:人民教育出版社,1998.10
    272页:彩色肖像;21cm
    
    
    ISBN 7-107-12388-2:CNY14.30
    本书内容主要出自著者不同时期、不同场合,不同专题讲述及发表的论文、著作、讲稿及文件档案。本书是音乐教育理论文集。本书在基于一个一般音乐教育学内容的框架之上,不仅面向普通学校音乐教学,而且涉及更宽的范围,如民族音乐问题,课外、校外音乐活动,以及普通高校的音乐教育,音乐教师培养的规格和音乐教育体制等诸多方面。
●
相关链接 在E读中查询图书 在五车中查询图书 在当当中查询图书 在豆瓣中查询图书


正题名:音乐教育学论稿     索取号:G427/JY1         预约/预借

序号 登录号 条形码 馆藏地/架位号 状态 备注
1 7859394   278593942   学院路分馆/ [索取号:G427/JY1] 在馆    
2 7860503   278605038   学院路分馆/ [索取号:G427/JY1] 在馆    
唐山师范学院图书馆 欢迎您!
大连网信软件有限公司© 版权所有